000 00643cam a2200181 4500
001 WB3614-28
008 000000n2000 000 0 eng u
035 _a(Sirsi) u105256
245 _aRating appeals on the web
260 _c2000
490 _aValuation Office Press Release
_v 3 April 2000 (1)
520 _aRating appeals can now be made via the internet. The first phase allows for single appeals to be made. It is hoped to extend the facility to multiple appeals at a later stage. http://www.voa.gov.uk
590 _aWB
650 _aRATING APPEALS
650 _aINTERNET
690 _aRATING AND LOCAL TAXATION
942 _n0
999 _c63115
_d63115